|
|
|
|
| LEADER |
00000naa2a2200000 4500 |
| 001 |
135846 |
| 005 |
20231101220558.0 |
| 035 |
|
|
|a (RuTPU)RU\TPU\book\147226
|
| 090 |
|
|
|a 135846
|
| 100 |
|
|
|a 20080415d2007 k y0rusy50 ca
|
| 101 |
0 |
|
|a rus
|
| 102 |
|
|
|a RU
|
| 200 |
1 |
|
|a Интегрированная коммуникационная политика продвижения продукции ОАО "ЮРМАШ"
|f Н. М. Борисова, В. Г. Лизунков, В. Р. Гафитулина
|
| 320 |
|
|
|a Библиогр.: 5 назв.
|
| 463 |
|
0 |
|0 (RuTPU)RU\TPU\book\136479
|t Инновационные технологии и экономика в машиностроении
|o V Всероссийская научно-практическая конференция с международным участием, г. Юрга 14-15 сентября 2007 г.
|o труды
|f Томский политехнический университет (ТПУ) ; Юргинский технологический институт (филиал) ; под ред. Д. А. Чинахова
|v С. 398-402
|d 2007
|p 558 с.
|
| 610 |
1 |
|
|a продукция
|
| 610 |
1 |
|
|a интегрированная политика
|
| 610 |
1 |
|
|a коммуникационная политика
|
| 610 |
1 |
|
|a система маркетинговых коммуникаций
|
| 610 |
1 |
|
|a прибыль
|
| 610 |
1 |
|
|a сбыт продукции
|
| 610 |
1 |
|
|a труды учёных ТПУ
|
| 700 |
|
1 |
|a Борисова
|b Н. М.
|c экономист
|c старший преподаватель Юргинского технологического института (филиала) Томского политехнического университета
|f 1978-
|g Надежда Михайловна
|2 stltpush
|3 (RuTPU)RU\TPU\pers\25118
|9 11221
|
| 701 |
|
1 |
|a Лизунков
|b В. Г.
|c экономист
|c доцент Юргинского технологического института (филиала) Томского политехнического университета, кандидат педагогических наук
|f 1986-
|g Владислав Геннадьевич
|2 stltpush
|3 (RuTPU)RU\TPU\pers\31896
|9 15968
|
| 701 |
|
1 |
|a Гафитулина
|b В. Р.
|
| 801 |
|
1 |
|a RU
|b 63413507
|c 20080415
|g PSBO
|
| 801 |
|
2 |
|a RU
|b 63413507
|c 20151019
|g RCR
|
| 942 |
|
|
|c BK
|